Statistics for Country Chain Quiz #2

Click here to take the quiz!

General Stats

  • This quiz has been taken 69 times
  • The average score is 11 of 15

Answer Stats

HintAnswer% Correct
Only country beginning with QQatar
100%
Capital city is BucharestRomania
97%
Country where Lego is fromDenmark
91%
Vilnius is the CapitalLithuania
89%
A "Stan" CountryAfghanistan
88%
Its old name was SiamThailand
88%
Borders the Caspian SeaAzerbaijan
85%
A small African country bordering EthiopiaDjibouti
77%
"Land of Creation"Israel
73%
Most obese countryNauru
73%
Aswan is a city in this countryEgypt
68%
Is split into 4 "Areas"United Kingdom
64%
Home to Milford SoundNew Zealand
61%
Dhivehi is the official languageMaldives
44%
Is the least guessed country on the Countries of the World quizSao Tome and Principe
33%

Score Distribution

Percentile by Number Answered

Percent of People with Each Score

Your Score History

You have not taken this quiz